000
00327nam a22001457a 4500
008
230221b ||||| |||| 00| 0 eng d
020
_a
9780077427931
041
_a
eng
080
_2
SIXTH EDITION
_a
781
082
_a
781CHA
100
_a
20
101
_a
MUZIK
245
_a
ROCK MUSIC STYLES
_c
CHARLTON K
942
_2
udc
_c
BK
999
_c
59355
_d
59355